00298nam a2200121 a 4500008004100000020001500041050001400056100001700070245003000087250001200117260003800129350000900167120416s2000 ||||||||||||||||| || u a8120305620 aQA 76 Hun aHunt, Rodger10aComputers and commonsence a4th ed. aNew DelhibFT Prentice-Hallc2000 a0.00